Missing Word: Sports Terms Quiz Stats

Quiz Updated Mar 5, 2016

Challenge
Share
Tweet
Embed
Score 0/22 Timer 02:00
0 Plays Today
Term Missing Word % Correct
____ in OneHole
95.8%
Technical ____Foul
94.3%
Stolen ____Base
90.8%
Free ____Throw
89%
Hail ____Mary
85.4%
Corner ____Kick
83.4%
Yellow ____Card
82.8%
Perfect ____Game
79%
Ground Rule ____Double
72%
____ StopPit
66.5%
____ PlayPower
64.1%
Term Missing Word % Correct
____ BeaterBuzzer
60.8%
Water ____Hazard
59.1%
____ Fly RuleInfield
58.6%
Base on ____Balls
58.3%
Intentional ____Grounding
56.3%
Point After ____Touchdown
55.8%
Golden ____Goal
49.9%
Foot ____Fault
49.7%
Major ____Penalty
45.8%
Two-____ PassLine
37.6%
Three in the ____Key
21.9%

Today's Daily Dose

You're not logged in!

Compare scores with friends on all Sporcle quizzes.
Join for Free
OR
Log In

You Might Also Like...

Show Comments

Extras

Top Quizzes Today


Score Distribution

Your Account Isn't Verified!

In order to create a playlist on Sporcle, you need to verify the email address you used during registration. Go to your Sporcle Settings to finish the process.

Report this User

Report this user for behavior that violates our Community Guidelines.

Details: